00287nam a2200109Ia 4500008004100000020001800041082001200059100002100071245005800092260000900150500001800159260604s9999 xx 000 0 und d a9781529625998 a302 KOP aJuliet koprowska 0aCommunication and Interpersonal Skills in Social Work bSAGE aCommunication